Social welfare and social work / (Record no. 12003)

MARC details
000 -LEADER
fixed length control field 00766nam a22002777i 4500
003 - CONTROL NUMBER IDENTIFIER
control field URS
005 - DATE AND TIME OF LATEST TRANSACTION
control field 20220117094953.0
008 - FIXED-LENGTH DATA ELEMENTS--GENERAL INFORMATION
fixed length control field 170818b xxu||||| |||| 00| 0 eng d
040 ## - CATALOGING SOURCE
Original cataloging agency DML
Description conventions rda
Transcribing agency URSR
Language of cataloging eng
041 ## - LANGUAGE CODE
Language code of text/sound track or separate title eng
042 ## - AUTHENTICATION CODE
Authentication code DMLUC
050 ## - LIBRARY OF CONGRESS CALL NUMBER
Classification number HV 11
Item number M5235 1997
100 1# - MAIN ENTRY--PERSONAL NAME
Personal name Mendoza, Thelma Lee,
Relator term author
245 10 - TITLE STATEMENT
Title Social welfare and social work /
Statement of responsibility, etc. Thelma Lee-Mendoza.
250 ## - EDITION STATEMENT
Edition statement Rev. ed.
264 #1 - PRODUCTION, PUBLICATION, DISTRIBUTION, MANUFACTURE, AND COPYRIGHT NOTICE
Place of production, publication, distribution, manufacture Quezon City :
Name of producer, publisher, distributor, manufacturer Megabooks Company,
Date of production, publication, distribution, manufacture, or copyright notice 2002.
300 ## - PHYSICAL DESCRIPTION
Extent 355 pages
Dimensions 21 cm,
336 ## - CONTENT TYPE
Content type term text
Content type code txt
Source rdacontent
337 ## - MEDIA TYPE
Media type term unmediated
Media type code n
Source rdamedia
338 ## - CARRIER TYPE
Carrier type term volume
Carrier type code nc
Source rdacarrier
650 ## - SUBJECT ADDED ENTRY--TOPICAL TERM
Topical term or geographic name entry element Social work education.
650 ## - SUBJECT ADDED ENTRY--TOPICAL TERM
Topical term or geographic name entry element Social service
Geographic subdivision Philippines.
905 ## - LOCAL DATA ELEMENT E, LDE (RLIN)
a FI
942 ## - ADDED ENTRY ELEMENTS (KOHA)
Source of classification or shelving scheme Library of Congress Classification
Koha item type Filipiniana
Holdings
Withdrawn status Source of classification or shelving scheme Damaged status Not for loan Home library Current library Shelving location Date acquired Total Checkouts Full call number Barcode Date last seen Price effective from Koha item type
  Library of Congress Classification     Rodriguez College Library Rodriguez College Library Reference 08/18/2017   HV 11 M5235 1997 URSROD-3267 08/18/2017 08/18/2017 Filipiniana
  Library of Congress Classification     Rodriguez College Library Rodriguez College Library Reference 08/18/2017   HV 11 M5235 1997 URSROD-3268 08/18/2017 08/18/2017 Filipiniana

University of Rizal System
Email us at univlibservices@urs.edu.ph

Visit our Website www.urs.edu.ph/library